000 00446nam a22001337a 4500
005 20260624123857.0
020 _a9781009385886
082 _a 338.951 CAR?C
100 _aCarney , Richard W
_916950
245 _aChina's chance to lead:
_bacquiring global influence via infrastructure development and digitalization/
_cBy Richard W.Carney
260 _a. - U K
_b: Cambridge University press
_c, 2024
300 _axix+365 pages
942 _2ddc
_cREF
999 _c761013
_d761013